| 000 -LEADER |
| fixed length control field |
01895cam a2200361 a 4500 |
| 001 - CONTROL NUMBER |
| control field |
17417935 |
| 005 - DATE AND TIME OF LATEST TRANSACTION |
| control field |
20170105102839.0 |
| 008 - FIXED-LENGTH DATA ELEMENTS--GENERAL INFORMATION |
| fixed length control field |
120805s2013 enk b 001 0 eng c |
| 010 ## - LIBRARY OF CONGRESS CONTROL NUMBER |
| LC control number |
2012031627 |
| 020 ## - INTERNATIONAL STANDARD BOOK NUMBER |
| International Standard Book Number |
9780415625876 (hardback) |
| 020 ## - INTERNATIONAL STANDARD BOOK NUMBER |
| International Standard Book Number |
9780203067420 (ebook) |
| 040 ## - CATALOGING SOURCE |
| Original cataloging agency |
NIC/DLC |
| Transcribing agency |
NIC |
| Modifying agency |
DLC |
| 042 ## - AUTHENTICATION CODE |
| Authentication code |
pcc |
| 050 00 - LIBRARY OF CONGRESS CALL NUMBER |
| Classification number |
HV6431 |
| Item number |
.A278 2013 |
| 082 00 - DEWEY DECIMAL CLASSIFICATION NUMBER |
| Classification number |
363.325 |
| Edition number |
23 |
| 100 1# - MAIN ENTRY--PERSONAL NAME |
| Personal name |
Acharya, Arabinda. |
| 245 10 - TITLE STATEMENT |
| Title |
Ten years after 9/11 : |
| Remainder of title |
rethinking the Jihadist threat / |
| Statement of responsibility, etc. |
Arabinda Acharya. |
| 246 3# - VARYING FORM OF TITLE |
| Title proper/short title |
10 years after 9/11 |
| 260 ## - PUBLICATION, DISTRIBUTION, ETC. |
| Place of publication, distribution, etc. |
London ; |
| -- |
New York : |
| Name of publisher, distributor, etc. |
Routledge, |
| Date of publication, distribution, etc. |
2013. |
| 300 ## - PHYSICAL DESCRIPTION |
| Extent |
xiv, 192 p. ; |
| Dimensions |
24 cm. |
| 490 0# - SERIES STATEMENT |
| Series statement |
Routledge security in Asia Pacific series ; |
| Volume/sequential designation |
23 |
| 504 ## - BIBLIOGRAPHY, ETC. NOTE |
| Bibliography, etc. note |
Includes bibliographical references (p. [127]-186) and index. |
| 505 0# - FORMATTED CONTENTS NOTE |
| Formatted contents note |
9/11 and globalization of violence -- Construction of the adversary -- Strategy of the global jihadist movement -- Tactics of the global jihadist movement -- Fighting the jihadist threat -- Ten years after : bringing the conflict to an end -- Conclusion : stealing jihadists' playbook, exploiting the fissures within the jihadist movement. |
| 520 ## - SUMMARY, ETC. |
| Summary, etc. |
"Ten years after the 9/11 attacks, this book reassesses the effectiveness of the "War on Terror", considers how al-Qaeda and other jihadist movements are faring, explores the impact of wider developments in the Islamic world such as the Arab Spring, and discusses whether all this suggests that a new approach to containing international, especially jihadist, terrorism is needed"--Provided by publisher. |
| 610 20 - SUBJECT ADDED ENTRY--CORPORATE NAME |
| Corporate name or jurisdiction name as entry element |
Qaida (Organization) |
| 650 #0 - SUBJECT ADDED ENTRY--TOPICAL TERM |
| Topical term or geographic name entry element |
Terrorism |
| General subdivision |
Prevention. |
| 650 #0 - SUBJECT ADDED ENTRY--TOPICAL TERM |
| Topical term or geographic name entry element |
Terrorism |
| General subdivision |
Religious aspects |
| -- |
Islam. |
| 650 #0 - SUBJECT ADDED ENTRY--TOPICAL TERM |
| Topical term or geographic name entry element |
Jihad. |
| 650 #0 - SUBJECT ADDED ENTRY--TOPICAL TERM |
| Topical term or geographic name entry element |
War on Terrorism, 2001-2009. |
| 906 ## - LOCAL DATA ELEMENT F, LDF (RLIN) |
| a |
7 |
| b |
cbc |
| c |
orignew |
| d |
1 |
| e |
ecip |
| f |
20 |
| g |
y-gencatlg |
| 942 ## - ADDED ENTRY ELEMENTS (KOHA) |
| Source of classification or shelving scheme |
|
| Koha item type |
Book |